| LEADER |
01842ngm0a2200301 450 |
| 001 |
16846978 |
| 100 |
|
|
|a 20240830d2024 u u0frey01 ba
|
| 101 |
0 |
|
|a eng
|
| 102 |
|
|
|a GB
|
| 200 |
0 |
|
|a Enys Men
|f Mark Jenkin, réal.
|g Mary Woodvine, Edward Rowe, Flo Crowe, John Woodvine, ... [et al.] act.
|
| 207 |
|
1 |
|a
|
| 210 |
|
|
|a Paris
|c ED Distribution
|d 2024
|
| 215 |
|
|
|a 1 DVD 2 couches sur une simple face (01 h 31 mn)
|c 1.33, 16/9, coul., (PAL), Son. (Dolby Digital 5.1; anglais)
|
| 300 |
|
|
|a Langues principales : anglais; Sous-titres : français
|
| 327 |
|
|
|a Interview du réalisateur Mark Jenkin et de l'actrice principale Mary Woodvine (2024, 44 min). Deux courts métrages de Mark Jenkin : 'La Dame aux longs cheveux bruns' (2016, 50 sec) et 'Formes verticales dans un paysage horizontal' (2018, 5 min).
|
| 330 |
|
|
|a Sur une île inhabitée des Cornouailles, une bénévole passionnée de vie sauvage se livre à des observations quotidiennes sur une fleur rare. Sa vie est hypnotique dans sa monotonie, elle répète les mêmes gestes jour après jour, comme un rituel. Au fur et à mesure, des sons et des images provenant d'autres temporalités commencent à s'infiltrer, perturbant progressivement son équilibre.
|
| 464 |
|
|
|a Interview du réalisateur Mark Jenkin et de l'actrice principale Mary Woodvine (2024
|
| 464 |
|
|
|a 44 min). Deux courts métrages de Mark Jenkin : 'La Dame aux longs cheveux bruns' (2016
|
| 464 |
|
|
|a 50 sec) et 'Formes verticales dans un paysage horizontal' (2018
|
| 464 |
|
|
|a 5 min).
|
| 700 |
|
0 |
|a Jenkin
|b Mark
|4 370
|
| 702 |
|
0 |
|a Woodvine
|b Mary
|4 5
|
| 702 |
|
0 |
|a Rowe
|b Edward
|4 5
|
| 702 |
|
0 |
|a Crowe
|b Flo
|4 5
|
| 702 |
|
0 |
|a Woodvine
|b John
|4 5
|
| 900 |
|
|
|a Film
|
| 901 |
|
|
|a Accessible au prêt
|
| 995 |
|
|
|a Bibliothèque
|c Bibliothèque
|f 00156006649362
|h 00156006649362
|k F JEN
|o p
|q a
|r gd
|e Bibliothèque
|